Komparácia marketingového manažmentu cestovného ruchu vo vybraných krajinách Európskej únie

Marketingový manažment cestovného ruchu vo vybraných krajinách. Analýza krajín: Slovensko - Slovenská agentúra pre cestovný ruch (SACR), Česká republika - CzechTourism, Francúzsko - Maison de la France, Nemecko - Deutsche Zentrale für Tourismus. Základné údaje o národných marketingových agentúrach v...

Descrizione completa

Salvato in:
Dettagli Bibliografici
Autore principale: Čechovičová, Adriána
Natura: Capitolo di libro
Lingua:slovacco
Soggetti:
Tags: Aggiungi Tag
Nessun Tag, puoi essere il primo ad aggiungerne!!

MARC

LEADER 00000nla$a2200000$$$4500
001 0102036
005 20240502072118.1
041 0 |a slo 
044 |a SK 
245 1 0 |a Komparácia marketingového manažmentu cestovného ruchu vo vybraných krajinách Európskej únie  |c Adriána Čechovičová 
520 |a Marketingový manažment cestovného ruchu vo vybraných krajinách. Analýza krajín: Slovensko - Slovenská agentúra pre cestovný ruch (SACR), Česká republika - CzechTourism, Francúzsko - Maison de la France, Nemecko - Deutsche Zentrale für Tourismus. Základné údaje o národných marketingových agentúrach vybraných krajín. Finančné zabezpečenie a aktivity národných marketingových agentúr pre cestovný ruch vo vybraných krajinách za rok 2007. 
610 2 0 |a ruch cestovný 
610 2 0 |a marketing manažment 
610 2 0 |a agentúry 
610 2 0 |a financovanie 
610 2 0 |a financie 
610 2 0 |a propagácia 
610 2 0 |a výstavy 
610 2 0 |a médiá 
610 2 0 |a Slovensko 
610 2 0 |a Česko 
610 2 0 |a Francúzsko 
610 2 0 |a Nemecko 
100 1 |a Čechovičová, Adriána